000 00885nam a2200265Ia 4500
003 OSt
005 20221005104709.0
006 a|||||r|||| 00| 0
007 ta
008 221004b |||||||| |||| 00| 0 hin d
024 _a32326
037 _cTextual
040 _aCRL
_cCRL
_bhin
041 _2hin
_ahin
082 _aO152,3(V245):g, M7
100 _aकौशिक, हेमराज
245 0 _aहिन्दी कहानी स्थिति एवं गति
246 _aHindī kahānī sthiti evan gati
260 _aदिल्ली
_bविभूति प्रकाशन भारत
_c1987
300 _a120पृ.
_ccm.
490 _vभाग-3
650 _aहिन्दी साहित्य
942 _hO152,3(V245):g, M7
_cTEXL
_2cc
999 _c1013535
_d1013535